United nations peace keeping : meeting new challenges

Saved in:
书目详细资料
企业作者: United Nations
格式: 图书
出版: New York : United Nations, 2006
主题:
标签: 添加标签
没有标签, 成为第一个标记此记录!

MARC

LEADER 00000nam a2200000 4500
020 |a NA  |c TZS 5000/= 
040 |a MUL  |b eng.  |e AACR 
082 |a 341.523 UNI  |b 1 
110 |a United Nations 
245 |a United nations peace keeping :   |b meeting new challenges  |c / United nations 
260 |a New York :  |b United Nations,  |c 2006 
300 |a 24 p. :   |b Chiefly col. ill. ;   |c 24 cm. 
500 |a Frequently asked questions 
504 |a Include bibliography 
650 |a Peace keeping 
942 |c BK 
999 |c 745  |d 745